Teória a prax manažmentu na prahu 21. storočia svetové trendy a domáca realita
Salvato in:
| Altri autori: | |
|---|---|
| Natura: | Libro |
| Lingua: | slovacco |
| Pubblicazione: |
Bratislava
Fakulta podnikového manažmentu EU
[1999]
|
| Soggetti: | |
| Tags: |
Nessun Tag, puoi essere il primo ad aggiungerne!!
|
MARC
| LEADER | 00000nam a2200000 4500 | ||
|---|---|---|---|
| 001 | c110481 | ||
| 005 | 20221123133557.4 | ||
| 041 | 0 | |a slo | |
| 044 | |a SK | ||
| 245 | 1 | 0 | |a Teória a prax manažmentu na prahu 21. storočia |b svetové trendy a domáca realita |c [zostavovateľ: Ján Porvazník, Jana Sladká] |
| 264 | 1 | |a Bratislava |b Fakulta podnikového manažmentu EU |c [1999] | |
| 300 | |a 137 s. | ||
| 610 | 2 | 0 | |a manažment |
| 610 | 2 | 0 | |a teória a prax |
| 610 | 2 | 0 | |a koncepcie |
| 610 | 2 | 0 | |a kompetencie |
| 610 | 2 | 0 | |a zmeny organizačné |
| 610 | 2 | 0 | |a zmeny štruktúrne |
| 610 | 2 | 0 | |a stratégia podniková |
| 610 | 2 | 0 | |a riadenie |
| 610 | 2 | 0 | |a zdroje ľudské |
| 610 | 2 | 0 | |a organizácia práce |
| 610 | 2 | 0 | |a technológie informačné |
| 610 | 2 | 0 | |a manažéri |
| 610 | 2 | 0 | |a imidž |
| 700 | 1 | |a Porvazník, Ján | |